[Event "ISR-ch Open 2018"]
[Site "Ma'alot-Tarshih"]
[Date "2018.12.18"]
[Round "7"]
[White "Lukin, Elisha"]
[Black "Frenkel, Ran"]
[Result "1/2-1/2"]
[WhiteElo "2280"]
[BlackElo "2252"]
[Annotator "NA"]
[PlyCount "130"]
[EventDate "2018.12.11"]
[EventType "swiss"]
[EventCountry "ISR"]
[SourceTitle "playchess.com"]
[Source "ChessBase"]
[SourceQuality "1"]
[TimeControl "40/5400+30:1800+30"]

1. d4 {[%emt 0:09:27]} d6 {[%emt 0:00:00]} 2. c4 {[%emt 0:00:09]} e5 {[%emt 0:00:00]} 3. Nc3 {[%emt 0:03:44]} exd4 {[%emt 0:00:00]} 4. Qxd4 {[%emt 0:01:48]} Nc6 {[%emt 0:00:20]} 5. Qd2 {[%emt 0:00:56]} Nf6 {[%emt 0:00:48]} 6. g3 {[%emt 0:00:15]} g6 {[%emt 0:00:47] A21: English Opening: 1...e5 2 Nc3} 7. Bg2 {[%emt 0:00:11]} Bg7 {[%emt 0:00:09]} 8. Nh3 {[%emt 0:00:43]} (8. b3 O-O 9. Bb2 a5 10. Nf3 Re8 11. O-O Bf5 12. Nh4 Bd7 13. Rad1 Qc8 14. Rfe1 Ne5 15. Nf3 Nxf3+ 16. Bxf3 Bc6 17. Nd5 Bxd5 18. cxd5 {1-0 (31) Dreev,A (2667)-Aronian,L (2815) Dubai 2014}) 8... Be6 {[%emt 0:11:24]} 9. b3 $146 {[%emt 0:05:54]} ({Predecessor:} 9. Nd5 Ne5 10. Qc2 c6 11. Ne3 Qa5+ 12. Bd2 Qa6 13. b3 O-O {1-0 (42) Jauernig,U-Schatz,C (2112) Wuerzburg 1995}) 9... O-O {[%emt 0:15:57]} 10. Nf4 {[%emt 0:01:31]} Bf5 {[%emt 0:04:11]} 11. Bb2 {[%emt 0:02:26]} Re8 {[%emt 0:01:55]} 12. O-O {[%emt 0:01:16]} Rb8 {[%emt 0:00:51]} 13. Rfe1 {[%emt 0:11:47]} Ne5 {[%emt 0:06:31]} 14. Rad1 {[%emt 0:01:34]} a6 {[%emt 0:54:07]} 15. Qc1 {[%emt 0:01:13]} c6 {[%emt 0:00:00]} 16. Qd2 {[%emt 0:10:27]} ({White should try} 16. Ba3 $16) 16... b5 {[%emt 0:00:00]} 17. cxb5 {[%emt 0:02:19]} axb5 {[%emt 0:00:00]} 18. Qxd6 {[%emt 0:02:42]} Qxd6 {[%emt 0:00:00]} 19. Rxd6 {[%emt 0:00:10]} g5 {[%emt 0:00:00]} 20. e4 {[%emt 0:19:30]} gxf4 {[%emt 0:00:00]} 21. gxf4 $19 {[%emt 0:02:37]} (21. exf5 $17 Nc4 22. Rxe8+ Nxe8 23. Rxc6 Nxb2 24. gxf4) 21... Ng6 {[%emt 0:00:00]} 22. Re3 {[%emt 0:03:54]} Nxe4 {[%emt 0:00:00]} 23. Nxe4 {[%emt 0:03:58]} Bxb2 {[%emt 0:00:00]} 24. Ng3 {[%emt 0:00:30]} Rxe3 {[%emt 0:01:07]} 25. fxe3 {[%emt 0:00:04]} Nh4 {[%emt 0:02:35]} 26. Bxc6 {[%emt 0:01:50]} Bg6 {[%emt 0:00:10]} 27. Rd5 {[%emt 0:01:11]} Rc8 {[%emt 0:00:58]} 28. Bxb5 {[%emt 0:00:54]} Rc1+ {[%emt 0:00:05]} 29. Kf2 {[%emt 0:00:31]} Rc2+ {[%emt 0:00:13]} 30. Be2 {[%emt 0:00:12]} f6 {[%emt 0:01:09]} 31. f5 {[%emt 0:01:49]} Bf7 {[%emt 0:00:14]} 32. Ra5 {[%emt 0:01:39]} Bc3 {[%emt 0:00:18]} 33. Ra4 {[%emt 0:00:32]} Be5 {[%emt 0:01:42]} 34. Rxh4 {[%emt 0:03:01]} Rxa2 {[%emt 0:00:02]} 35. b4 {[%emt 0:01:26]} Rb2 {[%emt 0:00:02]} 36. Ne4 {[%emt 0:01:29]} Kg7 {[%emt 0:00:19]} 37. Nc5 {[%emt 0:00:10]} Bd6 {[%emt 0:01:55]} 38. Ke1 {[%emt 0:03:06]} Rb1+ {[%emt 0:00:34]} 39. Kd2 {[%emt 0:00:05]} Rb2+ {[%emt 0:00:05]} 40. Kd1 {[%emt 0:00:25]} Rb1+ {[%emt 0:00:39]} 41. Kc2 {[%emt 0:30:50]} Rh1 {[%emt 0:30:05]} 42. e4 {[%emt 0:00:00]} Rxh2 {[%emt 0:00:00]} 43. Rxh2 {[%emt 0:00:00]} Bxh2 {[%emt 0:00:00]} 44. Ne6+ {[%emt 0:00:00]} Bxe6 {[%emt 0:00:00]} 45. fxe6 {[%emt 0:00:00]} Bd6 {[%emt 0:00:00]} 46. b5 {[%emt 0:00:00]} Kf8 {[%emt 0:00:00]} 47. Kd3 {[%emt 0:00:00]} Ke7 {[%emt 0:00:00]} 48. Bg4 {[%emt 0:00:00]} h5 {[%emt 0:00:00]} 49. Bh3 {[%emt 0:00:00]} Kd8 {[%emt 0:00:00]} 50. Ke3 {[%emt 0:00:00]} Kc7 {[%emt 0:00:00]} 51. Kf3 {[%emt 0:00:00]} Kb6 {[%emt 0:00:00]} 52. Bf1 {[%emt 0:00:00]} Kc5 {[%emt 0:00:00]} 53. Kg2 {[%emt 0:00:00]} Be7 {[%emt 0:00:00]} 54. Kh3 {[%emt 0:00:00]} Kd6 {[%emt 0:00:00]} 55. Bc4 {[%emt 0:00:00]} Kc5 {[%emt 0:00:00]} 56. Kg2 {[%emt 0:01:04]} Bd6 {[%emt 0:00:00]} 57. Be2 {[%emt 0:00:48]} Be7 {[%emt 0:00:00]} 58. Kg3 {[%emt 0:03:06]} Kd6 {[%emt 0:00:48]} 59. Bc4 {[%emt 0:00:37]} Kc5 {[%emt 0:02:05]} 60. Kf3 {[%emt 0:00:11]} Bd8 {[%emt 0:01:00]} 61. Bf1 {[%emt 0:04:46]} Kd6 {[%emt 0:00:08]} 62. Bh3 {[%emt 0:01:32]} Kc5 {[%emt 0:00:08]} 63. Bf5 {[%emt 0:00:32]} Kxb5 {[%emt 0:00:12]} 64. Kg3 {[%emt 0:00:01]} Kc5 {[%emt 0:00:15]} 65. Kh4 {[%emt 0:00:29]} Kd6 {[%emt 0:00:09]} 1/2-1/2

[Event "ISR-ch Open 2018"]
[Site "Ma'alot-Tarshih"]
[Date "2018.12.18"]
[Round "7"]
[White "Gershkowich, David"]
[Black "Drori, Saar"]
[Result "0-1"]
[WhiteElo "2193"]
[BlackElo "2419"]
[Annotator "TA"]
[PlyCount "86"]
[EventDate "2018.12.11"]
[EventType "swiss"]
[EventCountry "ISR"]
[SourceTitle "playchess.com"]
[Source "ChessBase"]
[SourceQuality "1"]

{[%evp 11,86,3,21,-25,8,0,11,0,8,14,22,14,22,30,18,4,22,-20,-19,-19,-6,-4,-16,-4,-10,-15,-1,-26,-6,-24,0,0,0,-7,-8,-25,-24,-14,-18,-54,-48,-52,-42,-45,-40,-39,-24,-99,-42,-108,-108,-107,-97,-104,-94,-233,-229,-194,-140,-329,-322,-370,-287,-279,-277,-478,-497,-514,-526,-561,-558,-682,-678,-29987,-639,-29988,-29989]} 1. e4 c5 2. Nf3 d6 3. Nc3 a6 4. a4 Nf6 5. e5 dxe5 6. Nxe5 e6 {LiveBook: 14 Games. B50: Sicilian: 2...d6, Miscellaneous} (6... Qc7 7. Nc4 Be6 8. Be2 Nc6 9. O-O Rd8 10. b3 Nd4 11. Ne3 g6 12. Bc4 Bg7 13. Bxe6 Nxe6 14. Bb2 O-O {½-½ (66) Shimanov,A (2626)-Xiong,J (2651) chess.com INT 2018}) 7. Qf3 Nbd7 $146 {[%cal Bb8d7,Bd7b6,Bb6d5,Bd5b4,Bb4c6,Bc6d4][%mdl 32]} ({Predecessor:} 7... Bd6 8. Nc4 Bc7 9. Ne4 Nxe4 10. Qxe4 Nc6 11. c3 Rb8 12. Bd3 f5 13. Qe2 O-O 14. Bc2 {0-1 (42) Waagener,U (2300)-Lau,R (2410) Germany 1980}) 8. Nc4 Nb6 {The position is equal.} 9. b3 Nbd5 10. Bb2 Be7 11. Be2 O-O 12. O-O b6 13. Rfe1 Bb7 14. Qg3 Nb4 15. Rac1 Rb8 16. d3 Nc6 17. Bf3 Nd4 18. Bxb7 Rxb7 19. Ne2 Nf5 $36 {[%mdl 2048] Black is more active.} 20. Qf3 Qd5 21. Qh3 Nd4 22. Nxd4 cxd4 23. Re5 Qd7 24. Re2 Rd8 25. Rce1 b5 26. axb5 axb5 27. Ne5 Qc8 28. Nf3 Bb4 29. Rd1 {[#]} (29. Rf1 $11 {keeps the balance.}) 29... Rc7 (29... Nd5 $1 $17 {[%cal Rd5f4]} 30. g3 Bc3) 30. Bxd4 (30. Nxd4 $15 Bc3 31. Bxc3 Rxc3 32. Qe3 (32. Nxb5 Rxc2 33. Qf3 Rc1 $15)) 30... Rxc2 $17 31. Bxf6 gxf6 ({Of course not} 31... Rxe2 $6 32. Bxd8 Qxd8 33. Qh5 $11) 32. Qg4+ Kh8 33. Qxb4 (33. Ne1 $17 {was called for.} Rxe2 34. Qxe2) 33... Rxe2 $19 34. Qf4 {[#] Black must now prevent Rc1.} Qc3 (34... Kg7 $1 $19 {And now ...e5 would win.} 35. Qg4+ Kf8) 35. d4 $2 (35. Rc1 $17 Qb2 36. Rf1) 35... Kg7 36. h3 Qc2 37. Rc1 Qg6 ({Don't do} 37... Qxb3 38. Qg3+ Kf8 39. Qh4 $17) 38. d5 $2 (38. Qc7 {is a better defense.} Rg8 39. Qf4) 38... Rxd5 39. Qb8 {Strongly threatening Rc8.} Rc2 40. Ra1 {intending Ra8.} Rdc5 41. Ra7 R5c3 42. Nd4 {Nxe6+ is the strong threat.} Rc1+ 43. Kh2 {[#] Hoping for Nxe6+.} Rxh3+ $1 {[%mdl 512] Accuracy: White = 37%, Black = 73%.} 0-1

[Event "ISR-ch Open 2018"]
[Site "Ma'alot-Tarshih"]
[Date "2018.12.18"]
[Round "7"]
[White "Gleizer, Mark"]
[Black "Chernomordik, Pavel"]
[Result "0-1"]
[WhiteElo "2186"]
[BlackElo "2277"]
[Annotator "NA"]
[PlyCount "112"]
[EventDate "2018.12.11"]
[EventType "swiss"]
[EventCountry "ISR"]
[SourceTitle "playchess.com"]
[Source "ChessBase"]
[SourceQuality "1"]
[TimeControl "40/5400+30:1800+30"]

1. d4 {[%emt 0:00:00]} g6 {[%emt 0:01:43]} 2. c4 {[%emt 0:00:00]} Bg7 {[%emt 0:00:03]} 3. Nc3 {[%emt 0:00:00]} d6 {[%emt 0:00:09]} 4. e4 {[%emt 0:00:12]} c6 {[%emt 0:00:30]} 5. Be3 {[%emt 0:01:18]} a6 {[%emt 0:00:44]} 6. Rc1 {[%emt 0:00:33] A42: Modern Defence: Averbakh Variation} Nf6 {[%emt 0:00:57]} 7. f3 {[%emt 0:01:17]} Nfd7 $146 {[%emt 0:04:32]} ({Predecessor:} 7... b5 8. b3 Nbd7 9. Nh3 O-O 10. Nf2 Rb8 11. Be2 bxc4 12. bxc4 c5 13. d5 Qa5 14. Bd2 h5 {1-0 (32) Graf,A (2595)-Rothe,G (2235) Dresden 2007}) 8. Qd2 {[%emt 0:09:31]} e5 {[%emt 0:05:30]} 9. d5 {[%emt 0:04:07]} Nf6 {[%emt 0:05:35]} 10. Bd3 {[%emt 0:04:53]} Nh5 {[%emt 0:03:46]} 11. Nge2 {[%emt 0:01:22]} f5 {[%emt 0:03:52]} 12. c5 {[%emt 0:11:58]} f4 {[%emt 0:07:58]} 13. Bf2 {[%emt 0:00:18]} dxc5 {[%emt 0:00:09]} 14. Bxc5 {[%emt 0:01:11]} Nd7 {[%emt 0:08:35]} 15. Bf2 {[%emt 0:04:27]} c5 {[%emt 0:01:40]} 16. a4 {[%emt 0:03:17]} O-O {[%emt 0:10:24]} 17. Nb1 {[%emt 0:02:06]} b6 {[%emt 0:01:54]} 18. b4 {[%emt 0:00:51]} cxb4 {[%emt 0:01:39]} 19. Qxb4 {[%emt 0:00:13]} Qg5 {[%emt 0:00:25]} 20. Rg1 {[%emt 0:05:54]} Qd8 {[%emt 0:04:04]} 21. Nec3 {[%emt 0:03:44]} Bf6 {[%emt 0:04:27] [#]} 22. Nd2 $1 {[%emt 0:05:56]} Bh4 {[%emt 0:03:25]} 23. Nd1 {[%emt 0:05:01]} Nc5 {[%emt 0:06:00]} 24. Be2 {[%emt 0:01:55]} a5 $14 {[%emt 0:00:44]} 25. Qa3 {[%emt 0:01:29]} Bd7 {[%emt 0:01:41]} 26. Rxc5 {[%emt 0:08:16]} bxc5 {[%emt 0:02:47]} 27. g3 {[%emt 0:01:10]} fxg3 {[%emt 0:04:07]} 28. hxg3 {[%emt 0:00:40]} Be7 {[%emt 0:00:01]} 29. Nc4 {[%emt 0:00:13]} Qb8 {[%emt 0:01:17]} 30. Ndb2 {[%emt 0:09:32]} Ra7 {[%emt 0:04:44]} 31. Kd2 {[%emt 0:01:59]} Rb7 {[%emt 0:00:43]} 32. Kc2 {[%emt 0:01:15]} Nf6 {[%emt 0:01:33]} 33. Be1 {[%emt 0:00:30]} Rb4 {[%emt 0:01:52]} 34. Bc3 {[%emt 0:01:21]} Qe8 {[%emt 0:04:00]} 35. Ra1 {[%emt 0:01:17]} Nh5 {[%emt 0:00:26]} 36. Bxe5 {[%emt 0:01:03]} Bf6 {[%emt 0:00:45]} 37. Bd6 {[%emt 0:01:35]} Bd4 {[%emt 0:00:56]} 38. Ra2 {[%emt 0:04:58]} Rf6 {[%emt 0:01:02]} 39. Bc7 {[%emt 0:01:45]} Qc8 {[%emt 0:00:54]} 40. Bd6 {[%emt 0:01:32]} Qb7 {[%emt 0:02:30]} 41. g4 {[%emt 0:05:17]} Nf4 {[%emt 0:03:59]} 42. Bxf4 {[%emt 0:02:04]} Rxf4 {[%emt 0:02:17]} 43. Nxa5 {[%emt 0:03:10]} Qc7 {[%emt 0:03:52]} 44. Nac4 {[%emt 0:01:22]} Rf8 {[%emt 0:03:51]} 45. d6 {[%emt 0:03:50]} Qd8 {[%emt 0:01:08]} 46. a5 {[%emt 0:01:47]} Qh4 {[%emt 0:06:34]} 47. Qd3 {[%emt 0:03:57]} Be6 {[%emt 0:04:16]} 48. a6 {[%emt 0:03:42]} Bxb2 {[%emt 0:05:13]} 49. a7 {[%emt 0:01:02]} Ra8 {[%emt 0:02:13]} 50. Rxb2 {[%emt 0:00:51]} Rxc4+ {[%emt 0:01:05]} 51. Qxc4 {[%emt 0:00:19]} Bxc4 {[%emt 0:00:48]} 52. Rb8+ {[%emt 0:00:08]} Kg7 {[%emt 0:00:06]} 53. Rxa8 {[%emt 0:00:16]} Qf2 {[%emt 0:00:21]} 54. Rg8+ {[%emt 0:06:28]} Bxg8 {[%emt 0:00:33]} 55. a8=Q {[%emt 0:00:15]} Qxe2+ {[%emt 0:00:06]} 56. Kc1 {[%emt 0:02:13]} Qc4+ {[%emt 0:03:35]} 0-1

[Event "ISR-ch Open 2018"]
[Site "Ma'alot-Tarshih"]
[Date "2018.12.18"]
[Round "7"]
[White "Kupervaser, Erez"]
[Black "Emanuel, Yahav"]
[Result "1/2-1/2"]
[WhiteElo "2168"]
[BlackElo "2221"]
[Annotator "NA"]
[PlyCount "139"]
[EventDate "2018.12.11"]
[EventType "swiss"]
[EventCountry "ISR"]
[SourceTitle "playchess.com"]
[Source "ChessBase"]
[SourceQuality "1"]
[TimeControl "40/5400+30:1800+30"]

1. e4 {[%emt 0:00:00]} e5 {[%emt 0:00:00]} 2. Nf3 {[%emt 0:00:00]} Nc6 {[%emt 0:00:00]} 3. d4 {[%emt 1:31:30]} exd4 {[%emt 0:00:00]} 4. Nxd4 {[%emt 0:00:00]} Nf6 {[%emt 0:00:00]} 5. Nxc6 {[%emt 0:00:00]} bxc6 {[%emt 0:00:01]} 6. e5 {[%emt 0:00:00]} Qe7 {[%emt 0:00:08] LiveBook: 3348 Games} 7. Qe2 {[%emt 0:00:00]} Nd5 {[%emt 0:00:09]} 8. h4 {[%emt 0:00:00]} d6 {[%emt 0:06:55] C45: Scotch Game} (8... Qe6 9. g3 Nb4 10. c4 Ba6 11. Bf4 d5 12. a3 Bxc4 13. Qd1 Bxf1 14. Kxf1 Na6 15. Nc3 Nc5 16. b4 {1-0 (32) Tomczak,J (2614)-Kramnik,V (2779) Batumi 2018}) 9. c4 {[%emt 0:00:00]} Ba6 {[%emt 0:05:08]} 10. exd6 $146 {[%emt 0:00:00]} ({Predecessor:} 10. Rh3 dxe5 11. Qe4 f5 12. Qxf5 Bc8 13. Qe4 Bxh3 14. gxh3 Nb6 15. Qxc6+ Qd7 16. Bg2 {0-1 (26) Sindarov,J (2488)-Rakshitta,R (2198) Abu Dhabi 2018}) 10... cxd6 {[%emt 0:00:26]} 11. Qxe7+ {[%emt 0:00:00]} Nxe7 {[%emt 0:00:03]} 12. b3 {[%emt 0:00:00]} h5 {[%emt 0:05:42]} 13. Bb2 {[%emt 0:00:00]} Rh6 {[%emt 0:04:05]} 14. Be2 {[%emt 0:00:00]} Re6 {[%emt 0:02:06]} 15. Nc3 {[%emt 0:00:00]} d5 {[%emt 0:03:24]} 16. O-O-O {[%emt 0:00:00]} dxc4 {[%emt 0:13:36]} 17. Bxh5 {[%emt 0:00:00]} cxb3 {[%emt 0:03:31]} 18. axb3 {[%emt 0:00:00]} Rb8 {[%emt 0:04:03]} 19. Na4 {[%emt 0:00:00]} Be2 {[%emt 0:07:04]} 20. Bxe2 {[%emt 0:00:00]} Rxe2 {[%emt 0:00:02]} 21. Nc3 {[%emt 0:00:00]} Rxf2 {[%emt 0:06:13]} 22. Ne4 {[%emt 0:00:00]} Rxg2 {[%emt 0:03:29]} 23. Nd6+ {[%emt 0:00:00]} Kd7 {[%emt 0:00:19]} 24. Nxf7+ {[%emt 0:00:00]} Nd5 {[%emt 0:00:29]} 25. Rh3 {[%emt 0:00:00]} Bd6 {[%emt 0:07:23]} 26. Nxd6 {[%emt 0:00:00]} Kxd6 {[%emt 0:00:01]} 27. Rf3 {[%emt 0:00:00]} Kc5 {[%emt 0:04:40]} 28. Bd4+ {[%emt 0:00:00]} Kb4 {[%emt 0:00:29]} 29. Rd2 {[%emt 0:00:00]} Rxd2 {[%emt 0:03:08]} 30. Kxd2 {[%emt 0:00:00]} Rh8 {[%emt 0:01:02]} 31. Bf2 $15 {[%emt 0:00:00]} a5 {[%emt 0:02:27]} 32. Be1 {[%emt 0:00:00]} Re8 {[%emt 0:04:08]} 33. Kd1+ {[%emt 0:00:00]} Kb5 {[%emt 0:03:59]} 34. Bd2 {[%emt 0:04:09]} Re4 {[%emt 0:03:47]} 35. Rf7 {[%emt 0:00:22]} Rxh4 {[%emt 0:03:07]} 36. Rxg7 {[%emt 0:00:05]} Nb4 {[%emt 0:01:39]} 37. Bxb4 {[%emt 0:04:38]} Kxb4 {[%emt 0:02:45]} 38. Rb7+ {[%emt 0:00:56]} Kc3 {[%emt 0:00:53]} 39. Rb6 {[%emt 0:00:05]} Rh1+ {[%emt 0:01:06]} 40. Ke2 {[%emt 0:00:07]} Rh2+ {[%emt 0:01:26]} 41. Kd1 {[%emt 0:32:14]} Rh1+ {[%emt 0:08:37]} 42. Ke2 {[%emt 0:00:00]} Rh2+ {[%emt 0:00:26]} 43. Kd1 {[%emt 0:00:00]} c5 {[%emt 0:00:12]} 44. Rb5 {[%emt 0:00:00]} Rh1+ {[%emt 0:01:48]} 45. Ke2 {[%emt 0:00:00]} Rh2+ {[%emt 0:01:17]} 46. Kd1 {[%emt 0:00:00]} Rh1+ {[%emt 0:00:21]} 47. Ke2 {[%emt 0:00:00]} Rh5 {[%emt 0:00:12]} 48. Kd1 {[%emt 0:00:00]} Kb2 {[%emt 0:01:30]} 49. Kd2 {[%emt 0:00:00]} Rd5+ {[%emt 0:03:38]} 50. Ke3 {[%emt 0:00:00]} Kc2 {[%emt 0:05:57]} 51. Ke4 {[%emt 0:00:00]} Rg5 {[%emt 0:00:14]} 52. Kf4 {[%emt 0:00:00]} Rh5 {[%emt 0:00:03]} 53. Ke4 {[%emt 0:00:00]} Kc3 {[%emt 0:00:36]} 54. Ke3 {[%emt 0:00:00]} Rf5 {[%emt 0:02:37]} 55. Ke4 {[%emt 0:00:00]} Rh5 {[%emt 0:00:03]} 56. Ke3 {[%emt 0:00:00]} Re5+ {[%emt 0:03:03]} 57. Kf4 {[%emt 0:00:00]} Re1 {[%emt 0:01:03]} 58. Rxc5+ {[%emt 0:00:00]} Kb4 {[%emt 0:00:02]} 59. Rh5 {[%emt 0:00:00]} Ra1 {[%emt 0:01:33]} 60. Ke3 {[%emt 0:00:00]} Kxb3 {[%emt 0:01:44]} 61. Kd2 {[%emt 0:00:00]} a4 {[%emt 0:00:32]} 62. Rb5+ {[%emt 0:00:00]} Ka2 {[%emt 0:00:50]} 63. Kc2 {[%emt 0:00:00]} Rh1 {[%emt 0:00:27]} 64. Rb7 {[%emt 0:00:00]} a3 {[%emt 0:00:22]} 65. Rb8 {[%emt 0:00:00]} Ka1 {[%emt 0:00:29]} 66. Rb7 {[%emt 0:00:00]} Rh2+ {[%emt 0:00:15]} 67. Kc1 {[%emt 0:00:00]} Rb2 {[%emt 0:00:20]} 68. Ra7 {[%emt 0:00:00]} a2 {[%emt 0:01:28]} 69. Rc7 {[%emt 0:00:00]} Rc2+ {[%emt 0:00:42]} 70. Rxc2 {[%emt 0:00:00]} 1/2-1/2

[Event "ISR-ch Open 2018"]
[Site "Ma'alot-Tarshih"]
[Date "2018.12.19"]
[Round "8"]
[White "Smirin, Ilia"]
[Black "Rechlis, Gad"]
[Result "1-0"]
[WhiteElo "2609"]
[BlackElo "2521"]
[Annotator "TA"]
[PlyCount "61"]
[EventDate "2018.12.12"]
[EventType "swiss"]
[EventCountry "ISR"]
[SourceTitle "playchess.com"]
[Source "ChessBase"]
[SourceQuality "1"]

{[%evp 24,61,77,78,110,102,108,103,221,195,238,59,75,76,68,70,90,95,85,81,86,64,64,72,70,68,75,79,79,81,430,429,384,413,585,516,1350,1286,1235,1170]} 1. e4 c5 2. Nf3 d6 3. d4 cxd4 4. Nxd4 Nf6 5. Nc3 g6 6. Be3 Bg7 7. f3 O-O 8. Qd2 Nc6 9. g4 Nxd4 10. Bxd4 Be6 11. h4 {[%cal Bh2h4,Bh4h5,Bh5h6][%mdl 32]} Qa5 12. h5 Rac8 {B76: Sicilian Dragon: Yugoslav Attack, 9 g4 and 9 0-0-0} 13. a3 {LiveBook: 13 Games} Rc6 14. O-O-O Rfc8 {White is better.} 15. Kb1 {[#]} g5 $146 (15... a6 $16 {was necessary.}) ({Predecessor:} 15... a6 16. h6 Bh8 17. Bxf6 exf6 18. Nd5 Qd8 19. c4 b5 20. cxb5 axb5 {1-0 (36) Plaskett,H (2435)-Mestel,A (2525) England 1986}) 16. h6 $18 Bh8 17. e5 $2 (17. Nb5 $1 $18 Qa4 18. c4 (18. Nxa7 Rxc2 19. Qxg5+ Kf8 $17)) 17... Nd5 $1 $14 {[%cal Rd5c3]} 18. Ne4 ({Inferior is} 18. Qxg5+ Kf8 $17) 18... Qxd2 19. Rxd2 {aiming for Bb5.} Bxe5 20. Bxe5 dxe5 21. Nxg5 Nf4 22. Bb5 $1 $36 {[%cal Rb5c6][%mdl 2048] White has some pressure.} Rd6 23. Rxd6 exd6 24. Ne4 a6 25. Bd3 ({But not} 25. Nxd6 axb5 26. Nxc8 Bxc8 $11) 25... Nxd3 26. cxd3 $16 {KRB-KRN} d5 $2 {[%mdl 8192] [#]} (26... Bb3 $16) 27. Nf6+ $1 $18 Kf8 {[#]} 28. Rc1 $1 Rc6 (28... Ke7 {is a better defense.}) 29. Nxh7+ {White is clearly winning.} Ke7 (29... Kg8 $142) 30. Rxc6 bxc6 31. Ng5 {Accuracy: White = 76%, Black = 34%.} 1-0

[Event "ISR-ch Open 2018"]
[Site "Ma'alot-Tarshih"]
[Date "2018.12.19"]
[Round "8"]
[White "Kobo, Ori"]
[Black "Greenfeld, Alon"]
[Result "0-1"]
[WhiteElo "2494"]
[BlackElo "2504"]
[Annotator "TA"]
[PlyCount "64"]
[EventDate "2018.12.12"]
[EventType "swiss"]
[EventCountry "ISR"]
[SourceTitle "playchess.com"]
[Source "ChessBase"]
[SourceQuality "1"]

{[%evp 24,64,-15,-24,-29,-19,-24,-15,-13,-16,-10,-16,-14,-32,-13,-72,-74,-110,-92,-109,-112,-118,-113,-115,-109,-153,-150,-459,-465,-663,-661,-836,-860,-852,-838,-810,-799,-1188,-924,-833,-795,-743,-694]} 1. Nf3 c5 2. c4 Nf6 3. Nc3 Nc6 {[%cal Bb8c6,Bc6e5,Be5c4][%mdl 32]} 4. d4 cxd4 5. Nxd4 e6 6. g3 Qb6 7. Ndb5 Ne5 8. Bg2 a6 {A33: Symmetrical English: 2 Nf3 Nf6 3 d4 cxd4 4 Nxd4 e6 5 Nc3 Nc6} 9. Na4 (9. Qa4 Rb8 10. Be3 Bc5 11. Bxc5 Qxc5 12. Qa3 b6 13. Nd6+ Ke7 14. Qxc5 bxc5 15. Nxc8+ Rhxc8 16. b3 d5 17. cxd5 {1-0 (47) Ivanchuk,V (2708)-Saric,I (2685) Mali Losinj 2018}) 9... Qd8 10. Nd6+ Bxd6 11. Qxd6 Nxc4 12. Qc5 d5 13. b3 {LiveBook: 3 Games} Bd7 14. bxc4 {[#] Black must now prevent Nb6.} Bxa4 15. cxd5 Nxd5 16. O-O {[#]} Qd7 $146 17. Ba3 Rc8 18. Qd4 f6 19. Bh3 (19. Rfb1 $11) 19... Kf7 $17 20. Bb2 Rhd8 $36 {[%mdl 2048] White is under strong pressure.} 21. Rac1 Ne7 22. Qg4 Ng6 23. f3 {[#]} h5 $1 {[%mdl 512]} 24. Qb4 (24. Qxh5 Bb5) 24... Qb5 25. Qe4 $2 (25. Bc3 $17) 25... f5 $19 {Black is clearly winning.} 26. Rxc8 (26. Bxf5 $142 exf5 27. Qb1) 26... fxe4 27. fxe4+ Ke8 28. Rxd8+ Kxd8 29. Bxg7 Qxe2 30. Bxe6 Bb5 {[%csl Gb5][%cal Re2f1]} 31. Bh3 Qe3+ 32. Rf2 Qe1+ {Accuracy: White = 40%, Black = 95%.} 0-1

[Event "ISR-ch Open 2018"]
[Site "Ma'alot-Tarshih"]
[Date "2018.12.19"]
[Round "8"]
[White "Mindlin, Alon"]
[Black "Mordechai, Hanan"]
[Result "1/2-1/2"]
[WhiteElo "2472"]
[BlackElo "2310"]
[Annotator "TA"]
[PlyCount "96"]
[EventDate "2018.12.12"]
[EventType "swiss"]
[EventCountry "ISR"]
[SourceTitle "playchess.com"]
[Source "ChessBase"]
[SourceQuality "1"]

{[%evp 11,96,0,-8,-25,-13,-73,-69,-70,-62,-75,-66,-57,-71,-70,-75,-83,-84,-91,-100,-103,-50,-63,-56,-67,-61,-87,-82,-83,-63,-157,-156,-158,-137,-179,-168,-200,-156,-185,-171,-239,-234,-224,-229,-234,-212,-232,-223,-231,-172,-163,-157,-131,-127,-135,-100,-134,-133,-134,-131,-137,0,-110,-122,-184,-120,-135,-92,-125,-102,-104,-96,-131,-91,-102,-127,-113,-74,-86,-58,-95,-29,-25,-25,-25,-38,-34,0]} 1. c4 c6 2. d4 d5 3. cxd5 cxd5 4. Bg5 (4. Bf4 Nc6 5. e3 Bf5 6. Nc3 e6 7. Bb5 Rc8 8. Nf3 Bb4 9. Qb3 Bxc3+ 10. Qxc3 a6 11. Be2 Nf6 12. Nd2 O-O {½-½ (68) Ivanchuk,V (2714)-Saric,I (2692) Zagreb 2018}) 4... f6 5. Bd2 Nc6 6. Nc3 {D10: Slav Defence: 3 cxd5 (without early Nf3) and 3 Nc3} Nxd4 {LiveBook: 3 Games} 7. e4 $146 ({Predecessor:} 7. e3 Nc6 8. Qh5+ g6 9. Qxd5 Bd7 10. Nf3 e6 11. Qb3 Na5 {½-½ (65) Kryakvin,D (2595)-Van den Doel,E (2607) Hoogeveen 2018}) 7... dxe4 8. Bc4 (8. Qa4+ $11 Qd7 9. Bb5 Nxb5 10. Nxb5) 8... e5 $17 9. Nge2 Bg4 10. h3 Rc8 11. hxg4 {Hoping for Qa4+.} Rxc4 12. Nxd4 Rxd4 13. Qc2 Bb4 14. a3 Bxc3 15. Bxc3 Rc4 {[#]} (15... Rd3 $17 16. Qa4+ Kf7 17. Qxe4 Qd5 18. Qxd5+ Rxd5) 16. g5 $1 $15 {[%mdl 512]} Qc7 (16... fxg5 17. Rd1) 17. Rd1 fxg5 18. Qe2 {Threatens to win with Bxe5!} Nf6 {[#]} 19. Bxe5 $1 {[%mdl 512]} Qf7 (19... Qxe5 20. Qxc4) 20. Bd6 {[#]} (20. O-O $15) 20... Qe6 $1 $17 21. Bb4 Kf7 22. Bc3 h6 23. Qe3 Re8 24. O-O a6 25. Bxf6 (25. Qe2 {might work better.}) 25... gxf6 $19 ({Don't do} 25... Kxf6 26. Rd4) 26. Rd2 Rec8 27. Qb3 R4c7 28. Qb4 Kg6 29. Re2 Rc1 30. Ree1 Rxe1 31. Rxe1 {[%mdl 4096] Endgame KQR-KQR} Re8 32. Qxb7 Re7 33. Qa8 h5 {[%cal Bh6h5,Bh5h4][%mdl 32]} 34. b4 Re8 35. Qb7 Re7 36. Qa8 $1 h4 37. Re3 (37. a4 $17) 37... Kg7 (37... f5 $19 38. Rc3 Rd7) 38. Qd8 Qe5 39. Re1 g4 40. Qc8 Qe6 41. Qc1 Qf5 42. Qe3 Kg6 43. a4 Qg5 44. Qb3 Kg7 45. Qc3 Qf4 (45... Qd5 $17) 46. b5 $11 axb5 47. axb5 g3 48. Qe3 $1 {[%cal Re3f4]} Qxe3 {Accuracy: White = 50%, Black = 60%.} 1/2-1/2